La dedicación a los estudios de los jóvenes de origen inmigrante en España en la Gran Recesión (Record no. 862005)
[ view plain ]
| 000 -CABECERA | |
|---|---|
| Campo de control de longitud fija | 00604nab a2200157 4500 |
| 003 - IDENTIFICADOR DEL NÚMERO DE CONTROL | |
| Campo de control | ES-SlBCS |
| 005 - FECHA Y HORA DE LA ÚLTIMA TRANSACCIÓN | |
| Campo de control | 20210327231257.0 |
| 008 - CÓDIGOS DE INFORMACIÓN DE LONGITUD FIJA | |
| Campo de control de longitud fija | 170503s2017 sp ||||| |||| 00| 0 spa d |
| 040 ## - FUENTE DE LA CATALOGACIÓN | |
| Centro catalogador del origen | ES-SlBCS |
| Lengua de catalogación | spa |
| 100 1# - PUNTO DE ACCESO PRINCIPAL-NOMBRE DE PERSONA | |
| Nombre de persona | Miyar-Busto, María |
| 9 (RLIN) | 409224 |
| 245 13 - MENCIÓN DE TÍTULO | |
| Título | La dedicación a los estudios de los jóvenes de origen inmigrante en España en la Gran Recesión |
| Mención de responsabilidad, etc. | María Miyar-Busto |
| 246 11 - VARIANTE DE TÍTULO | |
| Título propio / Titulo en breve | Immigrant-origin youth engagement in education in Spain during the great recession |
| 650 00 - PUNTO DE ACCESO ADICIONAL DE MATERIA-TÉRMINO DE MATERIA | |
| Término de materia o nombre geográfico como elemento inicial | Abandono Escolar |
| 9 (RLIN) | 184000 |
| 773 0# - ENLACE AL DOCUMENTO FUENTE | |
| Parte(s) relacionada(s) | Nº 157, 2017, págs. 123-140 |
| Título | Reis |
| Número de control del registro relacionado | Rev344 |
| Número Internacional Normalizado para Publicaciones Seriadas (ISSN) | 0210-5233 |
| 942 ## - ENTRADA DE ELEMENTOS AGREGADOS (KOHA) | |
| Fuente de clasificaión o esquema | |
| Koha [por defecto] tipo de item | Artículos de revista |
| Suprimido | Perdido | Fuente de clasificación o esquema | Estropeado | No para préstamo | Localización permanente | Localización actual | Localización en estantería | Fecha adquisición | Préstamos totales | Fecha última consulta | Fecha del precio de reemplazo | Tipo de item de Koha |
|---|---|---|---|---|---|---|---|---|---|---|---|---|
| San Esteban | San Esteban | Depósito de revistas | 03/05/2017 | 03/05/2017 | 03/05/2017 | Artículos de revista |
